[Event "Veteranos Aragón. Máster 50"]
[Site "?"]
[Date "2019.??.??"]
[Round "?"]
[White "ÁLVARO, Gonzalo"]
[Black "NAVARRO, Jesús"]
[Result "0-1"]
[WhiteElo "1285"]
[BlackElo "1695"]
[PlyCount "86"]
[EventDate "2019.04.28"]

1. c3 d5 2. d3 c5 3. Qc2 Nf6 4. Bg5 Bf5 5. Bxf6 exf6 6. e4 Be6 7. Nd2 Bd6 8.
Ngf3 O-O 9. Be2 Nc6 10. O-O Rc8 11. Rfe1 Re8 12. exd5 Bxd5 13. Ne4 Bf8 14. Qd1
Qb6 15. Qb1 Rcd8 16. Bf1 Qc7 17. c4 Be6 18. a3 Bg4 19. Ned2 Qb6 20. Rxe8 Rxe8
21. Qc2 Qd8 22. Re1 Rxe1 23. Nxe1 Nd4 24. Qb1 b6 25. f3 Bh5 26. g4 Bg6 27. h4
h5 28. gxh5 Bxh5 29. Qd1 f5 30. Ng2 Qd6 31. Be2 Qg3 32. Qf1 Bd6 33. Qf2 Qh2+
34. Kf1 Bg3 35. Qg1 Qxg1+ 36. Kxg1 Nxe2+ 37. Kf1 Nd4 38. b4 Nxf3 39. Nxf3 Bxf3
40. bxc5 bxc5 41. Ne3 g6 42. Nc2 Bxh4 43. d4 Be4 0-1

[Event "Veteranos Aragón. Máster 50"]
[Site "?"]
[Date "2019.??.??"]
[Round "?"]
[White "CORCUERA, Alfredo"]
[Black "SÁNCHEZ, José María"]
[Result "0-1"]
[WhiteElo "1045"]
[BlackElo "1651"]
[PlyCount "90"]
[EventDate "2019.04.28"]

1. d4 c5 2. Nf3 cxd4 3. Nxd4 g6 4. e4 Bg7 5. c3 a6 6. Bc4 Qc7 7. Qb3 e6 8. O-O
Nf6 9. f3 O-O 10. Re1 d6 11. Bd3 Nbd7 12. Qc2 d5 13. Nd2 Nc5 14. N2b3 Nxd3 15.
Qxd3 dxe4 16. fxe4 b6 17. Qf3 Bb7 18. Nd2 Rfd8 19. b4 Rd7 20. Bb2 Rad8 21. Re2
a5 22. b5 e5 23. a4 exd4 24. cxd4 Nh5 25. Rc1 Qf4 26. Rf1 Qxf3 27. Nxf3 Nf4 28.
Re3 Ne6 29. Ne5 Bxe5 30. dxe5 Rd1 31. h3 Nc5 32. Rxd1 Rxd1+ 33. Kh2 Bxe4 34.
Re2 Bf5 35. g4 Be6 36. Ba3 Nxa4 37. Bd6 Nc3 38. Rb2 Rb1 39. Rxb1 Nxb1 40. Bc7
a4 41. Bxb6 a3 42. Bd4 Nd2 43. Bc3 a2 44. b6 Bd5 45. Kg3 Ne4+ 0-1

[Event "Veteranos Aragón. Máster 50"]
[Site "?"]
[Date "2019.??.??"]
[Round "?"]
[White "GONZÁLEZ, Arturo"]
[Black "COLÓN, Antonio"]
[Result "1-0"]
[WhiteElo "1641"]
[BlackElo "1293"]
[PlyCount "65"]
[EventDate "2019.04.28"]

1. d4 Nf6 2. Nf3 e6 3. Bf4 d5 4. e3 Nh5 5. Bg5 Be7 6. Bxe7 Qxe7 7. c3 Nd7 8.
Be2 O-O 9. Nbd2 Nhf6 10. O-O Ne8 11. e4 c5 12. Qc2 dxe4 13. Nxe4 f5 14. Ned2
Ndf6 15. Rfe1 Nc7 16. Bc4 Nfd5 17. Ne5 Bd7 18. Nxd7 Qxd7 19. Nf3 Qd6 20. Re5 h6
21. Rae1 Rae8 22. Bb3 Rf6 23. a3 Qf8 24. R5e2 Nf4 25. Re3 Nfd5 26. Rd3 Nf4 27.
Rd2 Rg6 28. g3 Nh3+ 29. Kg2 Ng5 30. Ne5 Ne4 31. Nxg6 Qf6 32. Ne5 Nxd2 33. Qxd2
1-0

[Event "Veteranos Aragón. Máster 50"]
[Site "?"]
[Date "2019.??.??"]
[Round "?"]
[White "CALVO, Juan Alberto"]
[Black "ALVIRA, José Antonio"]
[Result "1-0"]
[WhiteElo "1572"]
[BlackElo "1240"]
[PlyCount "73"]
[EventDate "2019.04.28"]

1. d4 e6 2. c4 d5 3. Nf3 c5 4. e3 Nc6 5. Nc3 a6 6. a4 cxd4 7. exd4 Bb4 8. Be2
Nf6 9. O-O Bd7 10. Bg5 h6 11. Bxf6 Qxf6 12. cxd5 exd5 13. Nxd5 Qd6 14. Nxb4
Nxb4 15. Bc4 O-O 16. Qb3 a5 17. Rad1 b5 18. axb5 Rab8 19. Ne5 Be6 20. Bxe6 fxe6
21. Qa4 Ra8 22. Nc4 Qc7 23. Rc1 Rfc8 24. b6 Qxc4 25. Rxc4 Rxc4 26. Qd7 Rac8 27.
b7 Rc1 28. bxc8=Q+ Rxc8 29. Qxc8+ Kh7 30. Qxe6 Nd3 31. Qe4+ Kg8 32. Qxd3 Kf7
33. Re1 g5 34. Qf5+ Kg7 35. Re7+ Kg8 36. Qf7+ Kh8 37. Re8# 1-0

[Event "Veteranos Aragón. Máster 50"]
[Site "?"]
[Date "2019.??.??"]
[Round "?"]
[White "LLANES, Ricardo"]
[Black "GARCÍA, Jorge"]
[Result "1/2-1/2"]
[WhiteElo "2201"]
[BlackElo "1807"]
[PlyCount "74"]
[EventDate "2019.04.28"]

1. e4 e5 2. Nf3 Nc6 3. Bb5 a6 4. Ba4 Nf6 5. O-O b5 6. Bb3 Be7 7. d3 d6 8. a3
O-O 9. Nc3 Bg4 10. Be3 Na5 11. Ba2 c5 12. h3 Bh5 13. Nd5 Nc6 14. c3 Rb8 15. Re1
Qd7 16. b4 cxb4 17. axb4 Bd8 18. Bb3 Ra8 19. Qe2 a5 20. bxa5 Nxd5 21. Bxd5 Rxa5
22. Rab1 Ne7 23. Bb3 Bc7 24. Nxe5 dxe5 25. Qxh5 Qxd3 26. Bc5 Qd7 27. Red1 Qe8
28. Qg5 Ng6 29. Bxf8 Kxf8 30. g3 Ra6 31. Rd3 Nf4 $1 32. gxf4 Rg6 33. Rbd1 Rxg5+
34. fxg5 Ke7 35. Rd7+ Qxd7 36. Rxd7+ Kxd7 37. Bxf7 Ba5 1/2-1/2

[Event "Veteranos Aragón. Máster 50"]
[Site "?"]
[Date "2019.??.??"]
[Round "?"]
[White "ASÍN, Pedro José"]
[Black "BARRÓS, Ángel Luis"]
[Result "1-0"]
[WhiteElo "1735"]
[BlackElo "2076"]
[PlyCount "71"]
[EventDate "2019.04.28"]

1. e4 c5 2. Nc3 Nc6 3. g4 e5 4. Bg2 Nge7 5. d3 d6 6. h3 Be6 7. Nge2 Ng6 8. O-O
h5 9. g5 Be7 10. f4 exf4 11. Nxf4 Nxf4 12. Bxf4 Bxg5 13. Nd5 Bxf4 14. Nxf4 Qg5
15. Qc1 O-O-O 16. Nxe6 Qxc1 17. Raxc1 fxe6 18. Rf7 Rd7 19. Rcf1 Ne5 20. R7f2
Ng6 21. Rf7 Ne5 22. R7f2 Rh6 23. Bf3 Ng6 24. Be2 e5 25. c3 Nf4 26. Kh2 g5 27.
d4 Rg7 28. Kg3 cxd4 29. cxd4 Rc7 30. dxe5 dxe5 31. Rd1 Rd7 32. Rxd7 Kxd7 33.
Bb5+ Kd6 34. Rd2+ Kc5 35. Bd7 Rd6 $4 36. b4+ 1-0

[Event "Veteranos Aragón. Máster 50"]
[Site "?"]
[Date "2019.??.??"]
[Round "?"]
[White "JUBERÍAS, Santiago"]
[Black "OCABO, Pedro Arístides"]
[Result "1-0"]
[WhiteElo "2009"]
[BlackElo "1775"]
[PlyCount "49"]
[EventDate "2019.04.28"]

1. c4 d5 2. g3 dxc4 3. Bg2 c6 4. Na3 Nf6 5. Nf3 Bf5 6. Nxc4 e6 7. Qb3 Qc7 8. d3
b5 9. Ne3 Bg6 10. Nd4 a6 11. Bd2 e5 12. Ndf5 Bxf5 13. Nxf5 Qc8 14. Ne3 Ra7 15.
a4 Rb7 16. O-O b4 17. Nc4 Qc7 18. d4 Nbd7 19. Nxe5 Nxe5 20. dxe5 Nd7 21. e6 Ne5
22. Bf4 f6 23. Rac1 Rb6 24. a5 Rb5 25. Bxc6+ 1-0

[Event "Veteranos Aragón. Máster 50"]
[Site "?"]
[Date "2019.??.??"]
[Round "?"]
[White "LEBRÓN, José María"]
[Black "SÁNCHEZ, Roberto"]
[Result "1-0"]
[WhiteElo "1784"]
[BlackElo "2037"]
[PlyCount "75"]
[EventDate "2019.04.28"]

1. e4 g6 2. d4 Bg7 3. Be3 d6 4. Nf3 Nd7 5. Bc4 e6 6. Qd2 h6 7. Nc3 a6 8. a4 b6
9. O-O Bb7 10. Rfe1 Ne7 11. Rad1 g5 12. h3 Ng6 13. Nh2 Nf6 14. Bd3 e5 15. Qe2
Qe7 16. g3 Qe6 17. Qf1 Bc8 18. g4 Bb7 19. d5 Qe7 20. Ne2 Nf4 21. Ng3 O-O 22.
Nf5 Qd8 23. Nf3 a5 24. Bxf4 exf4 25. N3d4 h5 26. gxh5 Nxh5 27. Qe2 f3 28. Qxf3
Nf4 29. Nxg7 Kxg7 30. Nf5+ Kf6 31. Ba6 $1 Nxh3+ 32. Qxh3 Bxa6 33. Qc3+ Kg6 34.
Qg7+ Kh5 35. Qh6+ Kg4 36. f3+ Kxf3 37. Re3+ Kf4 38. Qh2+ 1-0

[Event "Veteranos Aragón. Máster 50"]
[Site "?"]
[Date "2019.??.??"]
[Round "?"]
[White "DOMINGO, Agustín"]
[Black "ROCHE, Manuel Ángel"]
[Result "0-1"]
[WhiteElo "1709"]
[BlackElo "2129"]
[PlyCount "78"]
[EventDate "2019.04.28"]

1. e4 c5 2. Nf3 Nc6 3. d4 cxd4 4. Nxd4 Nf6 5. Nxc6 bxc6 6. Bd3 e5 7. O-O a5 8.
Nc3 Bc5 9. Bg5 h6 10. Bh4 g5 11. Bg3 d6 12. Kh1 Ke7 13. f3 Be6 14. Qe2 Nh5 15.
Bf2 Nf4 16. Qd2 Bxf2 17. Qxf2 a4 18. Rad1 Qb8 19. b3 axb3 20. axb3 h5 21. Ne2
h4 22. h3 Qa7 23. Qxa7+ Rxa7 24. Nxf4 gxf4 25. Ra1 Rha8 26. Rxa7+ Rxa7 27. Kg1
d5 28. Kf2 Ra2 29. Rb1 d4 30. Ke1 c5 31. Kd1 Ra8 32. Kd2 Rg8 33. Bf1 Ra8 34.
Bb5 f5 35. Bd3 fxe4 36. fxe4 Kd6 37. Be2 Kc6 38. b4 c4 39. Rb2 $4 c3+ 0-1

[Event "Veteranos Aragón. Máster 50"]
[Site "?"]
[Date "2019.??.??"]
[Round "?"]
[White "ANTOÑANO, Avelino"]
[Black "GONZÁLEZ, Arturo"]
[Result "1-0"]
[WhiteElo "2133"]
[BlackElo "1641"]
[PlyCount "101"]
[EventDate "2019.04.28"]

1. e4 e6 2. d4 d5 3. Nd2 Be7 4. Ngf3 Nf6 5. Bd3 dxe4 6. Nxe4 Nbd7 7. Qe2 O-O 8.
O-O Re8 9. Ne5 Nxe4 10. Qxe4 Nf8 11. Be3 f6 12. Nf3 f5 13. Qf4 Bd6 14. Ne5 Qf6
15. Qg3 h6 16. f4 a6 17. c4 b6 18. c5 Bxe5 19. dxe5 Qd8 20. Rfd1 Bb7 21. Bxa6
Qc8 22. Bb5 c6 23. Bc4 b5 24. Be2 Qc7 25. b4 Ra4 26. a3 Rea8 27. Bf2 Qe7 28.
Qb3 Bc8 29. Rd6 Bd7 30. Bf3 R4a6 31. Bd4 g5 32. fxg5 hxg5 33. g4 f4 34. Bb2 Ng6
35. Qd3 Nf8 36. Be4 R8a7 37. Qf3 Rc7 38. Rad1 Qg7 39. R1d2 Kf7 40. h4 Ke7 41.
hxg5 Qxg5 42. Rh2 Be8 43. Rf2 Ng6 44. Bxg6 Bxg6 45. Qxf4 Qxf4 46. Rxf4 Ra8 47.
Rf6 Bf7 48. Kg2 Rg8 49. Kf3 Rg6 50. Kf4 Bg8 $4 51. Rxg6 1-0

[Event "Veteranos Aragón. Máster 50"]
[Site "?"]
[Date "2019.??.??"]
[Round "?"]
[White "NAVARRO, Jesús"]
[Black "FRANCO, Carlos"]
[Result "1-0"]
[WhiteElo "1695"]
[BlackElo "1978"]
[PlyCount "85"]
[EventDate "2019.04.28"]

1. e4 e5 2. d4 exd4 3. Qxd4 Nc6 4. Qe3 Nf6 5. Nc3 d6 6. Bd2 g6 7. O-O-O Bg7 8.
h3 O-O 9. f4 Re8 10. Bc4 Be6 11. Bxe6 Rxe6 12. Qd3 Qd7 13. Nf3 a6 14. Rhe1 b5
15. Nd5 Ree8 16. e5 Nxd5 17. Qxd5 Ne7 18. Qd3 d5 19. Bb4 c6 20. g4 Rac8 21. Bc5
f5 22. e6 Qc7 23. Ne5 Rf8 24. g5 Rfe8 25. Qg3 Bxe5 26. Rxe5 Rcd8 27. h4 Nc8 28.
h5 Nd6 29. Bxd6 Rxd6 30. hxg6 hxg6 31. Rde1 Re7 32. Rh1 Rdxe6 33. Rxe6 Rxe6 34.
Qh4 Qg7 35. Qf2 d4 36. Rd1 Re4 37. Qf3 c5 38. Qa3 Qa7 39. Qa5 Rxf4 $4 40. Qd8+
Kf7 41. Qf6+ Kg8 42. Rh1 Qg7 43. Qd8+ 1-0

[Event "Veteranos Aragón. Máster 50"]
[Site "?"]
[Date "2019.??.??"]
[Round "?"]
[White "CASTERÁ, Rafael"]
[Black "GUTIÉRREZ, José Antonio"]
[Result "0-1"]
[WhiteElo "1671"]
[BlackElo "1933"]
[PlyCount "46"]
[EventDate "2019.04.28"]

1. e4 Nf6 2. e5 Nd5 3. d4 d6 4. c4 Nb6 5. exd6 cxd6 6. Nc3 g6 7. Be3 Bg7 8. Rc1
O-O 9. Be2 Bf5 10. h3 e5 11. d5 Na6 12. Nf3 Rc8 13. g4 Bd7 14. b3 f5 15. gxf5
Bxf5 16. Ng5 Qe7 17. Bg4 Nc5 18. Bxf5 Rxf5 19. Qd2 e4 20. Bxc5 Rxc5 21. Ne6 Qh4
22. Rc2 e3 23. Qe2 Rxf2 0-1

2 exf2+ 25. Rxf2 Bxc3+ 26. Kf1 Rc8 27. Rhh2 Nd7
28. Ng5 Rf8 29. Rxf8+ Kxf8 30. Rf2+ Kg8 0-1

[Event "Veteranos Aragón. Máster 50"]
[Site "?"]
[Date "2019.??.??"]
[Round "?"]
[White "SÁNCHEZ, José María"]
[Black "TORCAL, Alfonso"]
[Result "1/2-1/2"]
[WhiteElo "1651"]
[BlackElo "1761"]
[PlyCount "56"]
[EventDate "2019.04.28"]

1. d4 d5 2. Bf4 Nf6 3. e3 Bf5 4. Bd3 e6 5. Nf3 Bd6 6. Bxf5 exf5 7. O-O O-O 8.
Bg5 Nbd7 9. Qd3 h6 10. Bh4 g5 11. Nxg5 hxg5 12. Bxg5 Qe8 13. Qxf5 Qe4 14. Qh3
Qxc2 15. Nc3 Qxb2 16. Nxd5 Nxd5 17. Qxd7 Qe2 18. Qh3 Qc2 19. Qf3 Qh7 20. g3 c6
21. e4 Nc7 22. e5 Ne6 23. Bf6 Bc7 24. Qg4+ Qg6 25. Qh4 Qh7 26. Qg4+ Qg6 27. Qh4
Qh7 28. Qg4+ Qg6 1/2-1/2

[Event "Veteranos Aragón. Máster 50"]
[Site "?"]
[Date "2019.??.??"]
[Round "?"]
[White "PÉREZ, Pedro"]
[Black "CALVO, Juan Alberto"]
[Result "1-0"]
[WhiteElo "1759"]
[BlackElo "1572"]
[PlyCount "99"]
[EventDate "2019.04.28"]

1. e4 e5 2. f4 d6 3. Nf3 Nc6 4. d3 Nf6 5. Be2 Be7 6. O-O Bg4 7. Nc3 Bxf3 8.
Bxf3 Nd4 9. Be3 c5 10. Kh1 h5 11. Qd2 Ng4 12. Bg1 Nxf3 13. Rxf3 f6 14. Nd5 Qd7
15. b4 b6 16. a4 Rc8 17. c4 Bd8 18. h3 Qf7 19. Bh2 Nxh2 20. Kxh2 Qd7 21. b5
exf4 22. Qxf4 Qe6 23. Qf5 Qxf5 24. Rxf5 Kf7 25. Raf1 Ra8 26. R5f3 a6 27. R1f2
axb5 28. axb5 Rh6 29. Ne3 Ke6 30. Nf5 Rh7 31. Rg3 g5 32. Ne3 Rh6 33. Rgf3 Ra3
34. Nd5 Ra7 35. Re2 Ra3 36. Rd2 Ke5 $4 37. Kg1 Kd4 38. Kf1 g4 39. Rf5 Rxd3 40.
Rxd3+ Kxd3 41. Rf4 Rg6 42. Kf2 gxh3 43. gxh3 Kd2 44. Rf3 f5 45. exf5 Bh4+ 46.
Kf1 Rg7 47. Nxb6 Re7 48. Nd5 Re1+ 49. Kg2 Re2+ 50. Kg1 1-0

[Event "Veteranos Aragón. Máster 50"]
[Site "?"]
[Date "2019.??.??"]
[Round "?"]
[White "CELMA, Ramón"]
[Black "RODRÍGUEZ, Jorge"]
[Result "1-0"]
[WhiteElo "1587"]
[BlackElo "1725"]
[PlyCount "51"]
[EventDate "2019.04.28"]

1. d4 d6 2. c4 e5 3. dxe5 dxe5 4. Qxd8+ Kxd8 5. Nf3 f6 6. e3 Be6 7. Bd2 c6 8.
Nc3 Nd7 9. b3 a5 10. Be2 Bb4 11. O-O Kc7 12. Ne4 Bxd2 13. Nfxd2 Ne7 14. Nc3 Nc8
15. Nde4 Ncb6 16. Rfd1 Rhe8 17. Rd2 a4 18. c5 Nd5 19. Nxa4 h6 20. Rc1 Rf8 21.
Bc4 f5 22. Nec3 Rad8 23. Bxd5 cxd5 24. Nxd5+ Kc6 25. Ne7+ Kb5 26. Rd6 1-0

[Event "Veteranos Aragón. Máster 50"]
[Site "?"]
[Date "2019.??.??"]
[Round "?"]
[White "REGUERA, Moisés"]
[Black "MERIN, Miguel Ángel"]
[Result "1/2-1/2"]
[WhiteElo "1521"]
[BlackElo "1700"]
[PlyCount "84"]
[EventDate "2019.04.28"]

1. d4 d5 2. c4 e6 3. Nf3 Nf6 4. g3 Be7 5. Bg2 O-O 6. O-O c6 7. Nc3 Nbd7 8. Bf4
Re8 9. Nd2 Nf8 10. e4 dxe4 11. Ndxe4 Ng6 12. Nxf6+ Bxf6 13. Be3 Ne7 14. Ne4 Nf5
15. Nxf6+ Qxf6 16. Qd2 a5 17. Be4 Nxe3 18. Qxe3 Bd7 19. Rfd1 Red8 20. b3 Be8
21. Rac1 g6 22. a4 Rd7 23. Rc3 Rad8 24. Rcd3 Qg7 25. f4 Qf8 26. Qd2 Ra8 27. d5
cxd5 28. cxd5 exd5 29. Rxd5 Rxd5 30. Bxd5 Bc6 31. Qd4 Qe8 32. Bxc6 Qxc6 33. Qd5
Qb6+ 34. Kg2 Rc8 35. h4 h5 36. Rd2 Rc3 37. Rd3 Rc2+ 38. Rd2 Qc6 39. Kf1 Rc1+
40. Ke2 Qa6+ 41. Rd3 Rc6 42. Kd2 Rc8 1/2-1/2

[Event "Veteranos Aragón. Máster 50"]
[Site "?"]
[Date "2019.??.??"]
[Round "?"]
[White "ÁLVAREZ, Miguel Ángel"]
[Black "FERNÁNDEZ, Tomás"]
[Result "1-0"]
[WhiteElo "1817"]
[BlackElo "1409"]
[PlyCount "29"]
[EventDate "2019.04.28"]

1. c4 c5 2. g3 g6 3. Bg2 Bg7 4. Nc3 Nc6 5. e3 b6 6. Nge2 e6 7. d4 cxd4 8. exd4
Rb8 9. O-O Nf6 10. Bf4 e5 11. dxe5 Nh5 12. e6 Nxf4 13. exf7+ Kf8 14. Nxf4 Ne7
$4 15. Ne6+ 1-0

[Event "Veteranos Aragón. Máster 50"]
[Site "?"]
[Date "2019.??.??"]
[Round "?"]
[White "GARCÍA, Mauricio"]
[Black "FERNÁNDEZ, Pedro José"]
[Result "0-1"]
[WhiteElo "1490"]
[BlackElo "1502"]
[PlyCount "94"]
[EventDate "2019.04.28"]

1. Nf3 d5 2. d4 Bf5 3. c4 e6 4. Nc3 Nc6 5. a3 a5 6. c5 Nf6 7. Bg5 h6 8. Bh4 g5
9. Bg3 Ne4 10. e3 h5 11. h3 Nxg3 12. fxg3 Bg7 13. Bb5 Ke7 14. Bd3 g4 15. Nh4
Bxd3 16. Qxd3 Bf6 17. O-O-O Kd7 18. Rdf1 Qe7 19. Kd2 Bxh4 20. gxh4 f5 21. hxg4
hxg4 22. g3 Na7 23. Rh2 c6 24. Na4 Nc8 25. Qb3 Ke8 26. Qc3 Qc7 27. Rg2 Rh7 28.
Qb3 Ra6 29. Qd3 Ra8 30. Rb1 b5 31. cxb6 Nxb6 32. Nc5 Nc4+ 33. Kc1 Qd6 34. Nb7
Qe7 35. Nc5 e5 36. Re2 e4 37. Qc3 Qc7 38. Rg2 Ra7 39. Ne6 Qb6 40. Nc5 a4 41.
Rf2 Rhf7 42. Re2 Ke7 43. Qb4 Qxb4 44. axb4 a3 45. bxa3 Rxa3 46. Nb3 Kd6 47. Kc2
Rfa7 0-1

[Event "Veteranos Aragón. Máster 50"]
[Site "?"]
[Date "2019.??.??"]
[Round "?"]
[White "AMORÓS, Manuel"]
[Black "ÁLVARO, Gonzalo"]
[Result "0-1"]
[WhiteElo "1483"]
[BlackElo "1285"]
[PlyCount "100"]
[EventDate "2019.04.28"]

1. e4 c6 2. Nf3 d5 3. exd5 cxd5 4. d4 Nf6 5. Nc3 Bg4 6. h3 Bf5 7. Ne5 e6 8. Bg5
Be7 9. Bxf6 Bxf6 10. Bb5+ Ke7 11. Qe2 Bxe5 12. Qxe5 f6 13. Qe2 a6 14. Ba4 Kf7
15. g4 Bg6 16. f4 b5 17. Bb3 Re8 18. f5 exf5 19. Bxd5+ Kf8 20. Bxa8 Rxe2+ 21.
Nxe2 fxg4 22. O-O-O gxh3 23. Rxh3 Bf5 24. Rc3 g5 25. d5 Qd6 26. Nd4 Bd7 27. a3
a5 28. Ne6+ Kf7 29. Rh3 Kg6 30. Rdh1 Bxe6 31. dxe6 Qxe6 32. Rxh7 b4 33. axb4
axb4 34. b3 Qe3+ 35. Kb1 Na6 36. R7h6+ Kf5 37. Rf1+ Kg4 38. Rhxf6 Nc5 39. Bf3+
Kg3 40. Bh5 g4 41. R6f4 $4 Qxf4 42. Rxf4 Kxf4 43. Be8 Ke3 44. Bc6 Ne4 45. Bb5
g3 46. Bf1 Kd2 47. Bg2 Nc3+ 48. Ka1 Kxc2 49. Bf3 Kxb3 50. Bg2 Kc2 0-1

[Event "Veteranos Aragón. Máster 50"]
[Site "?"]
[Date "2019.??.??"]
[Round "?"]
[White "COLÓN, Antonio"]
[Black "SANTOS, Higinio"]
[Result "0-1"]
[WhiteElo "1293"]
[BlackElo "1392"]
[PlyCount "84"]
[EventDate "2019.04.28"]

1. e4 c5 2. Nf3 d6 3. d4 cxd4 4. Nxd4 Nf6 5. Nc3 a6 6. h3 e6 7. Be3 Be7 8. Qd2
O-O 9. Bd3 b5 10. a3 Bb7 11. O-O Nbd7 12. b4 Qc7 13. f4 Rac8 14. Ndxb5 axb5 15.
Nxb5 Qb8 16. c4 Bxe4 17. Bxe4 Nxe4 18. Qd3 Ndf6 19. a4 Qb7 20. a5 Rc6 21. Nd4
Rcc8 22. b5 Nc5 23. Qe2 d5 24. a6 Qc7 25. Nc6 Bd6 26. g3 Nfe4 27. Kg2 Ra8 28.
Qc2 Nxa6 29. Rxa6 Rxa6 30. c5 Rxc6 31. bxc6 Qxc6 32. Rc1 Be7 33. g4 Rc8 34. Kf3
Nxc5 35. Ke2 Qb5+ 36. Kf3 h6 37. Bd4 Rc7 38. Rb1 Qd3+ 39. Qxd3 Nxd3 40. Ke3 Nc5
41. Rc1 f6 42. h4 Bd6 0-1

[Event "Veteranos Aragón. Máster 50"]
[Site "?"]
[Date "2019.??.??"]
[Round "?"]
[White "SÁNCHEZ, Ricardo"]
[Black "CORCUERA, Alfredo"]
[Result "1-0"]
[WhiteElo "1387"]
[BlackElo "1045"]
[PlyCount "87"]
[EventDate "2019.04.28"]

1. b3 e5 2. Bb2 Nc6 3. e3 Bc5 4. f4 d6 5. Bb5 Nge7 6. Nf3 O-O 7. fxe5 Bg4 8.
exd6 Qxd6 9. O-O Qh6 10. Qe1 Bd6 11. Qh4 Qxh4 12. Nxh4 Rad8 13. Nf3 a6 14. Be2
Bf5 15. d3 Nb4 16. Ne1 c5 17. Nd2 b5 18. e4 Bc8 19. c3 Nbc6 20. Rf2 Bb8 21. Nc2
Rd6 22. Raf1 Rh6 23. Nf3 Rd8 24. Bc1 Rf6 25. d4 cxd4 26. cxd4 Ba7 27. Be3 Bg4
28. d5 Bxe3 29. Nxe3 Nb8 $4 30. Nxg4 Rf4 31. Nd2 Rxf2 32. Kxf2 Ng6 33. Ke3 h5
34. Nf2 h4 35. Nh3 f6 36. Nf4 Ne5 37. Rc1 Kh7 38. Nf3 Ng4+ 39. Kd4 g5 40. Rc7+
Kh6 41. Ne6 Re8 42. Nxh4 Nxh2 43. Nf5+ Kg6 44. Rg7# 1-0

[Event "Veteranos Aragón. Máster 50"]
[Site "?"]
[Date "2019.??.??"]
[Round "?"]
[White "GINÉS, Pedro"]
[Black "JUBERÍAS, Santiago"]
[Result "1/2-1/2"]
[WhiteElo "1958"]
[BlackElo "2009"]
[PlyCount "140"]
[EventDate "2019.04.28"]

1. d4 Nf6 2. Nf3 g6 3. c4 Bg7 4. Nc3 d6 5. e4 O-O 6. Be3 e5 7. dxe5 dxe5 8.
Qxd8 Rxd8 9. Nd5 Nxd5 10. cxd5 c6 11. Bc4 b5 12. Bb3 Bb7 13. Rc1 h6 14. O-O Rc8
15. Rfd1 a5 16. dxc6 Nxc6 17. Rd7 Nd8 18. Bxf7+ Nxf7 19. Rxb7 Rxc1+ 20. Bxc1
Nd6 21. Rb6 Rd8 22. Rxd6 Rxd6 23. Bd2 b4 24. Kf1 Rc6 25. Ne1 Kf7 26. Ke2 Ke6
27. Be3 Bf8 28. f3 g5 29. Nd3 Bd6 30. Kd2 a4 31. Kd1 a3 32. bxa3 bxa3 33. Bd2
Rc4 34. Bc1 Be7 35. g4 Rc8 36. Bd2 Rf8 37. Ne1 Rb8 38. Nc2 Bc5 39. Kc1 Rf8 40.
Ne1 Bd4 41. Bb4 Bb2+ 42. Kd1 Rf7 43. Ke2 Rc7 44. Kd3 Rc1 45. Nc2 Rf1 46. Ke2
Rh1 47. Nxa3 Rxh2+ 48. Kd3 Bxa3 49. Bxa3 Rxa2 50. Bb4 Kf6 51. Bc5 Rh2 52. Bg1
Rh1 53. Bb6 Ke6 54. Ke2 h5 55. gxh5 Rxh5 56. Kf2 Rh8 57. Kg3 Kf6 58. Ba5 Ra8
59. Bc7 Rc8 60. Bb6 Rc2 61. Bd8+ Kg6 62. Be7 Rd2 63. Bb4 Rd1 64. Ba5 Rg1+ 65.
Kf2 Rb1 66. Kg3 Rb5 67. Bd8 Kh5 68. Bc7 Rb3 69. Kg2 Rb5 70. Kg3 Rb3 1/2-1/2

[Event "Veteranos Aragón. Máster 50"]
[Site "?"]
[Date "2019.??.??"]
[Round "?"]
[White "GARCÍA, Jorge"]
[Black "ASÍN, Pedro José"]
[Result "1-0"]
[WhiteElo "1807"]
[BlackElo "1735"]
[PlyCount "115"]
[EventDate "2019.04.28"]

1. e4 c5 2. d4 cxd4 3. c3 d5 4. exd5 Qxd5 5. cxd4 Nc6 6. Be3 e6 7. Nc3 Qd8 8.
Nf3 Nf6 9. Bc4 Be7 10. O-O O-O 11. Qe2 Re8 12. Rfd1 Nd5 13. Rac1 Bf6 14. Ne4
Be7 15. Bg5 Bxg5 16. Nfxg5 h6 17. Nf3 Na5 18. Bb5 Bd7 19. Bxd7 Qxd7 20. Ne5 Qe7
21. a3 Rac8 22. b4 Rxc1 23. Rxc1 Nb3 24. Rd1 a5 25. Qc4 a4 26. Qb5 Ra8 27. Rd3
Rc8 28. g3 Nc1 29. Rd1 Ne2+ $4 30. Qxe2 f5 31. Nc5 Nc3 32. Qd3 Nxd1 33. Qxd1 b5
34. Qd3 Qd6 35. Qe3 Qd5 36. Ng6 Kf7 37. Nf4 Qc4 38. Qxe6+ Qxe6 39. Nfxe6 g5 40.
Kf1 Ke7 41. Ke2 Kd6 42. Kd3 Kd5 43. h3 Rc6 44. Ng7 f4 45. Nf5 fxg3 46. fxg3 Rf6
47. g4 Rf7 48. Ne4 Rc7 49. Nxh6 Rc1 50. Nc3+ Kc6 51. d5+ Kb6 52. d6 Rh1 53. Nf7
Rxh3+ 54. Kd4 Kc6 55. Ne4 Rxa3 56. Ne5+ Kb7 57. Nc5+ Kc8 58. d7+ 1-0

c8 58. d7+ 1-0

[Event "Veteranos Aragón. Máster 50"]
[Site "?"]
[Date "2019.??.??"]
[Round "?"]
[White "BARRÓS, Ángel Luis"]
[Black "LLANES, Ricardo"]
[Result "0-1"]
[WhiteElo "2076"]
[BlackElo "2201"]
[PlyCount "92"]
[EventDate "2019.04.28"]

1. Nf3 Nf6 2. c4 e6 3. Nc3 d5 4. e3 Be7 5. b3 O-O 6. Bb2 c5 7. cxd5 exd5 8. d4
Bf5 9. Be2 Nc6 10. O-O a6 11. Rc1 cxd4 12. Nxd4 Nxd4 13. Qxd4 Rc8 14. Bf3 Be6
15. Rfd1 Qa5 16. Qa4 Qxa4 17. Nxa4 Ne4 18. Bd4 Ba3 19. Nb2 h6 20. h3 Rfd8 21.
g4 Nd6 22. Be2 f6 23. Kf1 Bd7 24. Bf3 Bb5+ 25. Be2 Bxe2+ 26. Kxe2 Nb5 27. Rxc8
Rxc8 28. Nd3 Nxd4+ 29. exd4 Bd6 30. Rc1 Re8+ 31. Kd2 Kf7 32. Rc2 Kg6 33. Nc5
Re7 34. Kd3 Kg5 35. Re2 Kh4 36. Rxe7 Bxe7 37. Ke2 Kxh3 38. Kf3 f5 39. gxf5 Bf6
40. Ne6 Kh4 41. Kf4 Kh3 42. Kf3 Kh2 43. Kg4 Kg2 44. Kh5 Kxf2 45. Kg6 Kf3 46.
Nxg7 Bxd4 0-1

[Event "Veteranos Aragón. Máster 50"]
[Site "?"]
[Date "2019.??.??"]
[Round "?"]
[White "ROCHE, Manuel Ángel"]
[Black "PÉREZ, Pedro"]
[Result "1-0"]
[WhiteElo "2129"]
[BlackElo "1759"]
[PlyCount "33"]
[EventDate "2019.04.28"]

1. e4 Nf6 2. e5 Nd5 3. d4 d6 4. Nf3 e6 5. c4 Nb6 6. Be3 Be7 7. Nc3 Nc6 8. exd6
cxd6 9. Be2 a5 10. b3 O-O 11. O-O Re8 12. d5 exd5 13. cxd5 Ne5 14. Nxe5 dxe5
15. d6 Bxd6 16. Nb5 Bc7 $2 17. Nxc7 1-0

[Event "Veteranos Aragón. Máster 50"]
[Site "?"]
[Date "2019.??.??"]
[Round "?"]
[White "OCABO, Pedro Arístides"]
[Black "LEBRÓN, José María"]
[Result "0-1"]
[WhiteElo "1775"]
[BlackElo "1784"]
[PlyCount "102"]
[EventDate "2019.04.28"]

1. d4 Nf6 2. Bf4 e6 3. e3 b6 4. Bd3 Bb7 5. Nf3 g6 6. Nbd2 Bg7 7. c4 d6 8. Be2
O-O 9. h3 Nbd7 10. O-O Re8 11. Rc1 h6 12. b4 e5 13. Bh2 Qe7 14. Nb3 Ne4 15. d5
f5 16. Qc2 Ndf6 17. Rfd1 Rac8 18. b5 Rf8 19. Ne1 Rce8 20. g4 Bc8 21. f3 Ng5 22.
h4 Nh3+ 23. Kg2 fxg4 24. Qxg6 Nh7 25. Bd3 gxf3+ 26. Nxf3 e4 27. Bb1 Rxf3 28.
Nd4 Rf2+ 29. Kh1 Rf6 30. Qg2 Nf2+ 31. Kg1 Nxd1 32. Rxd1 Nf8 33. Nc6 Qf7 34.
Bxe4 Rxe4 35. Qxe4 Bf5 36. Ne7+ Kh8 37. Nxf5 Rxf5 38. Bf4 Qh5 39. Rd2 Rf6 40.
Rg2 Rg6 41. Bg3 Be5 42. Bf4 Bxf4 43. Qxf4 Rxg2+ 44. Kxg2 Qg6+ 45. Kh3 Nd7 46.
e4 Qf6 47. Qg4 Qg7 48. Qe6 Ne5 49. Qc8+ Kh7 50. Qf5+ Qg6 51. Qc8 Qf7 0-1

[Event "Veteranos Aragón. Máster 50"]
[Site "?"]
[Date "2019.??.??"]
[Round "?"]
[White "SÁNCHEZ, Roberto"]
[Black "CELMA, Ramón"]
[Result "1-0"]
[WhiteElo "2037"]
[BlackElo "1587"]
[PlyCount "97"]
[EventDate "2019.04.28"]

1. g3 d5 2. Bg2 Nf6 3. d3 c6 4. h3 Nbd7 5. Nd2 e6 6. e3 Qc7 7. Ne2 Be7 8. a3
Nb6 9. b3 Bd6 10. Bb2 Be5 11. Qc1 Bxb2 12. Qxb2 Nbd7 13. O-O Qe5 14. d4 Qc7 15.
c4 O-O 16. Rac1 Qd6 17. c5 Qe7 18. b4 Re8 19. f4 Nf8 20. Kh2 Bd7 21. Ng1 h6 22.
Ngf3 N6h7 23. e4 f6 24. Rce1 Qf7 25. g4 Re7 26. f5 Rae8 27. Qb3 Kh8 28. Qd3 g6
29. fxg6 Nxg6 30. e5 f5 31. gxf5 Qxf5 32. Qxf5 exf5 33. Rb1 Ng5 34. Nxg5 hxg5
35. Nf3 g4 36. hxg4 fxg4 37. Ng1 Kg7 38. Kg3 Be6 39. Ne2 Rg8 40. Rf6 Rf8 41.
Rbf1 Bc8 $4 42. Nc3 Ref7 43. Rxf7+ Rxf7 44. Rxf7+ Kxf7 45. Bf1 Bf5 46. Be2 Ke6
47. Nd1 Ne7 48. Ne3 Nc8 $4 49. Nxf5 1-0